| 000 | 00634nam a2200217Ia 4500 | ||
|---|---|---|---|
| 001 | 22410 | ||
| 003 | GE_BSU | ||
| 008 | 181216s||||||||xx |||||||||||||| ||und|| | ||
| 040 | _cGE_BSU | ||
| 245 | _aГосударство и право. №1. Январь 2018. | ||
| 245 | _cГл.ред.А.С.Автономов | ||
| 260 | _aМосква | ||
| 260 | _bНаука | ||
| 260 | _c2018 | ||
| 300 | _a128 стр. 29см. | ||
| 653 | _aГосударство и право. №1. Январь 2018. | ||
| 653 | _aПериодика | ||
| 653 | _aპერიოდიკა | ||
| 653 | _aსამართალი | ||
| 942 | _cCR | ||
| 999 |
_c55332 _d55332 |
||